000 00301nam a22001337a 4500
008 170615b xxu||||| |||| 00| 0 eng d
020 _a0915957146
041 _aeng
080 _a94
100 _a16
101 _aSHH
245 _aSAUDI ARABIA: A KINGDOM IN TRANSITION
_cSWEEL,AL
942 _2udc
_cBK
999 _c17642
_d17642